Ser voluntario, ser feliz /
En un mundo cuyos vaivenes económicos desprotegen a amplios sectores de la población, el trabajo voluntario se ha convertido en la octava fuerza económica a nivel global. Ayudar al otro no solo beneficia al prójimo: es una experiencia transformadora para quien la realiza, en la que los intereses de...
Guardado en:
| Autor Principal: | |
|---|---|
| Autor Corporativo: | |
| Formato: | |
| Publicado: |
Argentina,
2013.
|
| Series: | El informe Kliksberg: El otro me importa
DVD 1 |
| Materias: | |
| Acceso en línea: | https://www.educ.ar/recursos/119048/ser-voluntario-ser-feliz |
| Etiquetas: |
Agregar Etiqueta
Sin Etiquetas, Sea el primero en etiquetar este registro!
|
| LEADER | 01400ngm a22003615g 4500 | ||
|---|---|---|---|
| 001 | CEM.cems023796 | ||
| 008 | 130507s2013##################0###0#####d | ||
| 005 | 20250703141800.0 | ||
| 245 | 1 | 0 | |a Ser voluntario, ser feliz / |c Bernardo Kliksberg. |
| 260 | |a Argentina, |c 2013. | ||
| 300 | |a 27'. | ||
| 490 | 0 | |a El informe Kliksberg: El otro me importa | |
| 490 | 1 | |a DVD 1 | |
| 500 | |a Consultar en ventanilla. | ||
| 520 | |a En un mundo cuyos vaivenes económicos desprotegen a amplios sectores de la población, el trabajo voluntario se ha convertido en la octava fuerza económica a nivel global. Ayudar al otro no solo beneficia al prójimo: es una experiencia transformadora para quien la realiza, en la que los intereses de todo tipo se borran y emerge la solidaridad. | ||
| 538 | |a Soporte: DVD - Color: Si - Grabación DRD. | ||
| 100 | 1 | |a Kliksberg, Bernardo | |
| 710 | 2 | |a Canal Encuentro. | |
| 082 | 3 | 0 | |/ KLI-3 |
| 653 | |a SOCIEDAD | ||
| 653 | |a ESTADO | ||
| 653 | |a ECONOMIA | ||
| 653 | |a ECONOMIA POLÍTICA | ||
| 653 | |a POLITICA | ||
| 653 | |a EXCLUSION | ||
| 653 | |a POBREZA | ||
| 653 | |a DESIGUALDAD | ||
| 653 | |a VOLUNTARIADO | ||
| 653 | |a AYUDA SOCIAL | ||
| 653 | |a ASISTENCIA SOCIAL | ||
| 653 | |a SERIE DE TELEVISIÓN | ||
| 856 | |u https://www.educ.ar/recursos/119048/ser-voluntario-ser-feliz | ||
| 859 | |a CEMS |b BIB. CEMS - Depto. Recursos Didacticos |h 301 |i KLI-3 |k DRD |p 2439.15 |t Ej.1 | ||
